[Event "RM-2018-0-00184"]
[Site "LSS email"]
[Date "2018.11.10"]
[Round "?"]
[White "Pascual Perez, Norge"]
[Black "Kogan, Boris"]
[Result "1-0"]
[WhiteElo "2432"]
[BlackElo "2336"]
[PlyCount "117"]
[EventDate "2018.04.08"]
[EventType "tourn (corr)"]
[EventRounds "6"]
[EventCountry "GER"]
[SourceTitle "Corr 2022"]
[Source "ChessBase"]
[SourceDate "2021.10.24"]
[SourceVersion "1"]
[SourceVersionDate "2021.10.24"]
[SourceQuality "1"]

1. e4 c5 2. Nf3 d6 3. d4 cxd4 4. Nxd4 Nf6 5. Nc3 a6 6. f3 e5 7. Nb3 Be6 8. Be3 Be7 9. Qd2 h5 10. Be2 Nbd7 11. Nd5 Nxd5 12. exd5 Bf5 13. 0-0 0-0 14. Na5 Qc7 15. Rac1 Nf6 16. b4 Rfe8 17. c4 Qd7 18. h3 Bd8 19. Rfe1 Rc8 20. Bd1 h4 21. Bb3 e4 22. f4 Kh7 23. Bd1 Kg8 24. Be2 Bg6 25. Qd1 Bf5 26. Kh2 Bg6 27. Rg1 Kh7 28. Nb3 Ng8 29. Nd4 Nh6 30. Bg4 f5 31. Be2 Bf7 32. a4 Bf6 33. a5 Ng8 34. Qd2 Ne7 35. Nc2 Ng6 36. Rgf1 Rf8 37. Rb1 Ne7 38. Rfc1 Ng6 39. Nd4 Ne7 40. b5 Rc7 41. bxa6 bxa6 42. Rb6 Rfc8 43. Rd1 Ra8 44. Rdb1 Bg8 45. Qb4 Nc8 46. Nc6 Nxb6 47. axb6 Rb7 48. Na5 Rab8 49. Nxb7 Rxb7 50. Qa5 g5 51. c5 Bxd5 52. Rd1 Qe6 53. cxd6 gxf4 54. Bxf4 Be5 55. Bxe5 Qxe5+ 56. Kg1 Qxd6 57. Rxd5 Qxb6+ 58. Qxb6 Rxb6 59. Rxf5 1-0

[Event "ZH-2018-0-01711"]
[Site "LSS email"]
[Date "2018.10.14"]
[Round "?"]
[White "Kahl, Fred"]
[Black "Kogan, Boris"]
[Result "1/2-1/2"]
[WhiteElo "2384"]
[BlackElo "2336"]
[PlyCount "115"]
[EventDate "2018.09.16"]
[EventType "match (corr)"]
[EventRounds "2"]
[EventCountry "GER"]
[SourceTitle "Corr 2022"]
[Source "ChessBase"]
[SourceDate "2021.10.24"]
[SourceVersion "1"]
[SourceVersionDate "2021.10.24"]
[SourceQuality "1"]

1. Nf3 Nf6 2. g3 g6 3. b3 Bg7 4. Bb2 0-0 5. Bg2 d5 6. c4 c6 7. d3 Bg4 8. Nbd2 Nbd7 9. 0-0 Re8 10. h3 Bxf3 11. Nxf3 e5 12. cxd5 cxd5 13. Rc1 Qa5 14. a3 Qb6 15. Nd2 Bf8 16. e3 Rad8 17. Re1 h5 18. Qe2 a5 19. Red1 Nb8 20. Rc2 Rd7 21. Rb1 Nc6 22. Qd1 Qd8 23. Rbc1 Qb6 24. Qe2 Red8 25. Rb1 Be7 26. Kh1 Ne8 27. h4 Bf8 28. Kg1 Nc7 29. Bh3 Re7 30. Qd1 Ree8 31. g4 hxg4 32. Qxg4 Bg7 33. h5 Rd6 34. Qe2 Nb5 35. Rcc1 gxh5 36. Kh1 Qd8 37. Rg1 Qh4 38. Rg3 Rg6 39. Rbg1 e4 40. dxe4 Nd6 41. exd5 Nf5 42. Nf3 Nxg3+ 43. Rxg3 Rxg3 44. Nxh4 Rxh3+ 45. Kg2 Rxh4 46. Bxg7 Rg4+ 47. Kf1 Kxg7 48. dxc6 bxc6 49. Qc2 Re6 50. Qc3+ Rf6 51. Qxa5 h4 52. Qe5 h3 53. a4 c5 54. a5 Kg6 55. a6 Rxa6 56. Qh8 Ra1+ 57. Ke2 Ra2+ 58. Kd3 1/2-1/2

[Event "CP-2018-P-00035"]
[Site "LSS email"]
[Date "2018.09.27"]
[Round "?"]
[White "Kogan, Boris"]
[Black "Recio Chicharro, Luis"]
[Result "1-0"]
[WhiteElo "2336"]
[BlackElo "1074"]
[PlyCount "47"]
[EventDate "2018.10.01"]
[EventType "tourn (corr)"]
[EventRounds "6"]
[EventCountry "GER"]
[SourceTitle "Corr 2022"]
[Source "ChessBase"]
[SourceDate "2021.10.24"]
[SourceVersion "1"]
[SourceVersionDate "2021.10.24"]
[SourceQuality "1"]

1. d4 d5 2. c4 e6 3. Nc3 Nf6 4. Nf3 Bb4 5. Bg5 c6 6. e3 h6 7. Bh4 Nbd7 8. Bd3 Qa5 9. Qc2 0-0 10. 0-0 Bxc3 11. bxc3 b5 12. c5 Qc7 13. Bg3 Qd8 14. a4 bxa4 15. Qxa4 Nb8 16. Rfb1 Nfd7 17. Bd6 Re8 18. Rb2 a5 19. Ne5 Nxe5 20. dxe5 Nd7 21. Qxc6 Ra7 22. Qa4 Rb7 23. Rxb7 Bxb7 24. Bb5 1-0

[Event "SM-2018-0-00398"]
[Site "LSS email"]
[Date "2018.08.04"]
[Round "?"]
[White "Maur, Rainer"]
[Black "Kogan, Boris"]
[Result "1/2-1/2"]
[WhiteElo "2273"]
[BlackElo "2336"]
[PlyCount "65"]
[EventDate "2018.06.02"]
[EventType "tourn (corr)"]
[EventRounds "6"]
[EventCountry "GER"]
[SourceTitle "Corr 2022"]
[Source "ChessBase"]
[SourceDate "2021.10.24"]
[SourceVersion "1"]
[SourceVersionDate "2021.10.24"]
[SourceQuality "1"]

1. e4 c5 2. Nf3 d6 3. d4 cxd4 4. Nxd4 Nf6 5. Nc3 a6 6. Be3 e5 7. Nb3 Be6 8. f3 Be7 9. Qd2 0-0 10. 0-0-0 Nbd7 11. g4 b5 12. g5 b4 13. Ne2 Ne8 14. f4 a5 15. f5 a4 16. Nbd4 exd4 17. Nxd4 b3 18. Kb1 bxc2+ 19. Nxc2 Bb3 20. axb3 axb3 21. Na3 Ne5 22. h4 Ra4 23. Bd4 Nf3 24. Qc3 Nxd4 25. Rxd4 Rxd4 26. Qxd4 d5 27. Qxd5 Qb6 28. Bc4 Bxa3 29. bxa3 Nd6 30. g6 hxg6 31. fxg6 Nxc4 32. gxf7+ Rxf7 33. Qxc4 1/2-1/2

[Event "OP-2018-0-04626"]
[Site "LSS email"]
[Date "2018.07.24"]
[Round "?"]
[White "Debonis, Patrick"]
[Black "Kogan, Boris"]
[Result "1/2-1/2"]
[WhiteElo "1852"]
[BlackElo "2336"]
[PlyCount "61"]
[EventDate "2018.07.18"]
[EventType "tourn (corr)"]
[EventRounds "4"]
[EventCountry "GER"]
[SourceTitle "Corr 2022"]
[Source "ChessBase"]
[SourceDate "2021.10.24"]
[SourceVersion "1"]
[SourceVersionDate "2021.10.24"]
[SourceQuality "1"]

1. e4 c5 2. Nf3 d6 3. Bb5+ Bd7 4. Bxd7+ Qxd7 5. c4 Nc6 6. Nc3 g6 7. d4 cxd4 8. Nxd4 Bg7 9. Be3 Nf6 10. f3 0-0 11. 0-0 a6 12. Qd3 Ne5 13. Qe2 Rac8 14. b3 b5 15. Nd5 Nxd5 16. cxd5 e6 17. dxe6 fxe6 18. Rac1 Rxc1 19. Rxc1 Rc8 20. Qd2 Rc5 21. Rd1 Qc8 22. Nxe6 Qxe6 23. Bxc5 dxc5 24. Qd6 Qxd6 25. Rxd6 c4 26. bxc4 bxc4 27. Kf1 a5 28. Ke2 Bf8 29. Rd8 Kf7 30. Rd5 Nc6 31. Rd7+ 1/2-1/2

[Event "OP-2018-0-04626"]
[Site "LSS email"]
[Date "2018.07.24"]
[Round "?"]
[White "Misericordia, Antonio"]
[Black "Kogan, Boris"]
[Result "1/2-1/2"]
[WhiteElo "2382"]
[BlackElo "2336"]
[PlyCount "74"]
[EventDate "2018.07.18"]
[EventType "tourn (corr)"]
[EventRounds "4"]
[EventCountry "GER"]
[SourceTitle "Corr 2022"]
[Source "ChessBase"]
[SourceDate "2021.10.24"]
[SourceVersion "1"]
[SourceVersionDate "2021.10.24"]
[SourceQuality "1"]

1. g3 d5 2. Bg2 Nf6 3. Nf3 g6 4. d4 Bg7 5. c4 c6 6. Nbd2 0-0 7. b3 Bf5 8. 0-0 a5 9. Ba3 Re8 10. Nh4 Be6 11. e3 a4 12. Qe2 Nbd7 13. Qd3 Qa5 14. Rfb1 Qa6 15. Qc2 Rec8 16. c5 axb3 17. axb3 Qa5 18. b4 Qd8 19. Bf1 Ne8 20. b5 Bf6 21. bxc6 bxc6 22. Ndf3 Qc7 23. Bb2 Ng7 24. Bc3 h5 25. Rxa8 Rxa8 26. Ng2 Bf5 27. Bd3 Bxd3 28. Qxd3 e5 29. dxe5 Bxe5 30. Nge1 Bxc3 31. Qxc3 Ne6 32. Nd3 Qa5 33. Qxa5 Rxa5 34. Nd4 Nd8 35. Rc1 Ra4 36. Kf1 f6 37. Nf4 Ne5 1/2-1/2

[Event "ISR-chT"]
[Site "Ramat Aviv"]
[Date "2000.03.24"]
[Round "7.3"]
[White "Kogan, Boris"]
[Black "Bykhovsky, Avigdor"]
[Result "1/2-1/2"]
[WhiteElo "2445"]
[BlackElo "2467"]
[PlyCount "87"]
[EventDate "2000.01.14"]
[EventType "team-tourn"]
[EventRounds "11"]
[EventCountry "ISR"]
[SourceTitle "CBM 077"]
[Source "ChessBase"]
[SourceDate "2000.07.27"]
[SourceVersion "1"]
[SourceVersionDate "2000.07.27"]
[SourceQuality "1"]
[WhiteTeam "Jerusalem Elitzur II"]
[BlackTeam "Herzliya"]
[WhiteTeamCountry "ISR"]
[BlackTeamCountry "ISR"]

1. Nf3 d5 2. d4 c6 3. e3 Bf5 4. c4 e6 5. Nc3 Nf6 6. Be2 h6 7. 0-0 Nbd7 8. b3 Bd6 9. Bd3 Bxd3 10. Qxd3 0-0 11. e4 Bb4 12. e5 Bxc3 13. Qxc3 Ne4 14. Qe3 f5 15. exf6 Qxf6 16. Ba3 Rf7 17. Nd2 Nxd2 18. Qxd2 dxc4 19. bxc4 Nb6 20. Qc3 Rd8 21. Rad1 Rfd7 22. Qb3 e5 23. dxe5 Qxe5 24. c5+ Nd5 25. Bb2 Qf5 26. Rde1 Kh7 27. Re5 Qg6 28. Qc4 Re8 29. h3 Rxe5 30. Bxe5 Re7 31. Bd6 Re4 32. Qc2 b5 33. cxb6 axb6 34. Bg3 c5 35. Qd2 Rd4 36. Qb2 Qe4 37. f3 Qg6 38. Be5 Rd3 39. Kh2 Ne3 40. Re1 c4 41. Qf2 Nd1 42. Qc2 Ne3 43. Qf2 Nd1 44. Qc2 1/2-1/2

[Event "ISR-chT"]
[Site "Ramat Aviv"]
[Date "2000.03.17"]
[Round "6.4"]
[White "Kogan, Boris"]
[Black "Greenfeld, Alon"]
[Result "0-1"]
[WhiteElo "2445"]
[BlackElo "2563"]
[PlyCount "78"]
[EventDate "2000.01.14"]
[EventType "team-tourn"]
[EventRounds "11"]
[EventCountry "ISR"]
[SourceTitle "CBM 077"]
[Source "ChessBase"]
[SourceDate "2000.07.27"]
[SourceVersion "1"]
[SourceVersionDate "2000.07.27"]
[SourceQuality "1"]
[WhiteTeam "Jerusalem Elitzur II"]
[BlackTeam "Beer Sheva"]
[WhiteTeamCountry "ISR"]
[BlackTeamCountry "ISR"]

1. d4 Nf6 2. Nf3 c5 3. e3 g6 4. Bd3 Bg7 5. 0-0 0-0 6. c3 d6 7. Nbd2 Nc6 8. e4 cxd4 9. cxd4 Nh5 10. Nb3 a5 11. Be3 Bg4 12. Be2 Nf6 13. Nbd2 a4 14. Qb1 e5 15. d5 Nd4 16. Bd1 Nd7 17. Nxd4 exd4 18. Bxd4 Bxd4 19. Bxg4 Ne5 20. Be2 a3 21. b3 Qg5 22. Nc4 Nxc4 23. bxc4 Qe5 24. Bd3 Rfc8 25. Qd1 Bxa1 26. Qxa1 Qb2 27. Rb1 Qxa1 28. Rxa1 b5 29. cxb5 Rc3 30. Rd1 Ra4 31. Kf1 Rb4 32. Ke2 Kf8 33. Rd2 Ke7 34. f4 f6 35. h4 Rc1 36. g3 Kd8 37. Ke3 Rb2 38. Re2 Kc7 39. Rd2 Rg1 0-1

[Event "ISR-chT"]
[Site "Ramat Aviv"]
[Date "2000.03.10"]
[Round "5.4"]
[White "Weisbuch, Udi"]
[Black "Kogan, Boris"]
[Result "1-0"]
[WhiteElo "2288"]
[BlackElo "2445"]
[PlyCount "117"]
[EventDate "2000.01.14"]
[EventType "team-tourn"]
[EventRounds "11"]
[EventCountry "ISR"]
[SourceTitle "CBM 077"]
[Source "ChessBase"]
[SourceDate "2000.07.27"]
[SourceVersion "1"]
[SourceVersionDate "2000.07.27"]
[SourceQuality "1"]
[WhiteTeam "Kfar Saba"]
[BlackTeam "Jerusalem Elitzur II"]
[WhiteTeamCountry "ISR"]
[BlackTeamCountry "ISR"]

1. e4 c5 2. Nf3 e6 3. d3 d6 4. g3 Nf6 5. Bg2 Be7 6. 0-0 0-0 7. Re1 Nc6 8. c3 b6 9. Nbd2 Ne5 10. Nc4 Nfd7 11. Ncxe5 dxe5 12. d4 cxd4 13. cxd4 exd4 14. Nxd4 Bb7 15. Be3 Nc5 16. Qg4 h5 17. Qxh5 Nxe4 18. Qe2 Bd5 19. Red1 Qd7 20. Qb5 Qb7 21. Nf5 Bf6 22. Nd4 Nc3 23. Bxd5 Nxd5 24. Qb3 Rfd8 25. Nc2 Nxe3 26. Nxe3 Qf3 27. Nd5 Qf5 28. Nxf6+ Qxf6 29. Rac1 Rac8 30. Rxc8 Rxc8 31. Kg2 Qf5 32. Qd3 Rc2 33. Qxf5 exf5 34. Rd8+ Kh7 35. Rd7 a5 36. Rxf7 Rxb2 37. Rxf5 Kg6 38. Rd5 Kf6 39. Rd6+ Ke7 40. Rg6 Kf7 41. Rc6 b5 42. a4 bxa4 43. Rc5 a3 44. Rxa5 Ra2 45. Ra7+ Kg6 46. h4 Ra1 47. Kf3 a2 48. Kg4 Kh6 49. Ra6+ Kh7 50. Kg5 Rb1 51. Rxa2 Rb5+ 52. Kg4 Rc5 53. f4 Kh6 54. Re2 Kh7 55. f5 Rc3 56. Kf4 Kh6 57. g4 Rh3 58. Re6+ Kh7 59. Kg5 1-0

[Event "ISR-chT"]
[Site "Israel"]
[Date "1999.05.08"]
[Round "11"]
[White "Kaspi, Alexander"]
[Black "Kogan, Boris"]
[Result "1-0"]
[WhiteElo "2510"]
[BlackElo "2445"]
[PlyCount "79"]
[EventDate "1999.01.??"]
[EventType "team-tourn"]
[EventRounds "11"]
[EventCountry "ISR"]
[SourceTitle "EXT 2000"]
[Source "ChessBase"]
[SourceDate "1999.11.16"]
[SourceVersion "1"]
[SourceVersionDate "1999.11.16"]
[SourceQuality "1"]

1. d4 Nf6 2. c4 d6 3. Nc3 e5 4. d5 g6 5. e4 Bg7 6. f3 c6 7. Be3 0-0 8. Qd2 cxd5 9. cxd5 Nh5 10. Bd3 f5 11. 0-0-0 Nf6 12. h3 Na6 13. g4 Bd7 14. Bxa6 bxa6 15. gxf5 gxf5 16. Nge2 Qe8 17. Rdg1 Qh5 18. f4 fxe4 19. Rg5 Qh4 20. fxe5 dxe5 21. Rhg1 Rf7 22. Rxe5 Kh8 23. Nf4 Re8 24. Rxe8+ Nxe8 25. Ne6 Qxh3 26. Nxg7 Rf1+ 27. Rxf1 Qxf1+ 28. Kc2 Kxg7 29. Qd4+ Kf7 30. Qxa7 Nf6 31. Bd4 Ke8 32. Qb6 Kf7 33. Kb3 h5 34. Qd6 Bb5 35. Qc7+ Kg6 36. a4 Be8 37. Qg3+ Kf7 38. Bxf6 Qxf6 39. Nxe4 Qd4 40. Nd6+ 1-0

[Event "ISR-chT"]
[Site "Israel"]
[Date "1999.05.07"]
[Round "10"]
[White "Kogan, Boris"]
[Black "Gofshtein, Leonid D"]
[Result "0-1"]
[WhiteElo "2445"]
[BlackElo "2517"]
[PlyCount "70"]
[EventDate "1999.01.??"]
[EventType "team-tourn"]
[EventRounds "11"]
[EventCountry "ISR"]
[SourceTitle "EXT 2000"]
[Source "ChessBase"]
[SourceDate "1999.11.16"]
[SourceVersion "1"]
[SourceVersionDate "1999.11.16"]
[SourceQuality "1"]

1. e4 c5 2. Nf3 e6 3. d4 cxd4 4. Nxd4 a6 5. Nc3 b5 6. Bd3 Qb6 7. Nb3 Qc7 8. 0-0 b4 9. Nb1 Nf6 10. a3 Nc6 11. f4 Bb7 12. Be3 bxa3 13. bxa3 Be7 14. c4 Na5 15. Nxa5 Qxa5 16. Nd2 d6 17. Qb3 Qc7 18. Rab1 Bc6 19. Bb6 Qc8 20. Qc3 0-0 21. e5 dxe5 22. fxe5 Nd7 23. Be3 Nc5 24. Bc2 Rd8 25. Qa5 Bb7 26. Kh1 Rb8 27. Rb6 Qc7 28. Rfb1 Qxe5 29. Bxc5 Bxg2+ 30. Kxg2 Qe2+ 31. Bf2 Rxb6 32. Rxb6 Bh4 33. Bxh7+ Kxh7 34. Kh3 Bxf2 35. Rxe6 Qxe6+ 0-1

[Event "ISR-chT"]
[Site "Israel"]
[Date "1999.04.09"]
[Round "7"]
[White "Kogan, Boris"]
[Black "Lev, Ronen"]
[Result "0-1"]
[WhiteElo "2445"]
[BlackElo "2457"]
[PlyCount "102"]
[EventDate "1999.01.??"]
[EventType "team-tourn"]
[EventRounds "11"]
[EventCountry "ISR"]
[SourceTitle "EXT 2000"]
[Source "ChessBase"]
[SourceDate "1999.11.16"]
[SourceVersion "1"]
[SourceVersionDate "1999.11.16"]
[SourceQuality "1"]

1. e4 e5 2. Nf3 Nc6 3. Bb5 a6 4. Ba4 Nf6 5. 0-0 b5 6. Bb3 Be7 7. Re1 0-0 8. c3 d6 9. h3 Nb8 10. d4 Nbd7 11. Nbd2 Bb7 12. Bc2 Re8 13. Nf1 Bf8 14. Ng3 g6 15. b3 Bg7 16. d5 Qb8 17. a4 c6 18. c4 bxc4 19. bxc4 a5 20. Ba3 Ba6 21. Nf1 Nc5 22. Bxc5 dxc5 23. Rb1 Qc7 24. Ne3 Bh6 25. dxc6 Qxc6 26. Nd5 Nxd5 27. cxd5 Qd6 28. Nh2 Bg5 29. Nf3 Bh6 30. Nh2 c4 31. Ng4 Bg5 32. g3 Bd8 33. Qd2 h5 34. Ne3 Bb6 35. Nd1 Bd4 36. Nc3 Qa3 37. Ne2 Qc5 38. Nc3 Qa3 39. Ne2 Qc5 40. Nc3 Rab8 41. Kg2 Rb4 42. h4 Reb8 43. Rbc1 Rb2 44. Nd1 Ra2 45. g4 Qc8 46. Qg5 Qxg4+ 47. Qxg4 hxg4 48. Kg3 Bc8 49. Ne3 c3 50. Nxg4 Rbb2 51. Bd3 f5 0-1

[Event "ISR-chT"]
[Site "Israel"]
[Date "1999.04.02"]
[Round "6"]
[White "Kogan, Boris"]
[Black "Har Zvi, Ronen"]
[Result "0-1"]
[WhiteElo "2445"]
[BlackElo "2503"]
[PlyCount "69"]
[EventDate "1999.01.??"]
[EventType "team-tourn"]
[EventRounds "11"]
[EventCountry "ISR"]
[SourceTitle "EXT 2000"]
[Source "ChessBase"]
[SourceDate "1999.11.16"]
[SourceVersion "1"]
[SourceVersionDate "1999.11.16"]
[SourceQuality "1"]

1. e4 c5 2. Nf3 d6 3. d4 cxd4 4. Nxd4 Nf6 5. Nc3 a6 6. g3 e5 7. Nde2 Nbd7 8. Bg2 b5 9. 0-0 Bb7 10. h3 Nb6 11. f4 Qc7 12. a3 h5 13. Kh1 Rc8 14. b3 Be7 15. Ra2 0-0 16. Nd5 Nbxd5 17. exd5 Qc5 18. c4 bxc4 19. b4 Qb6 20. Bb2 Qe3 21. Rf3 Qe4 22. fxe5 Nxd5 23. Nf4 Nxf4 24. gxf4 Qf5 25. Rg3 Bh4 26. Re3 Bxg2+ 27. Kxg2 Qxf4 28. Bc1 dxe5 29. Qxh5 Qg5+ 30. Qxg5 Bxg5 31. Rc3 Bxc1 32. Rxc1 Rfd8 33. Re2 Rd5 34. Rc3 f6 35. a4 0-1

[Event "ISR-ch"]
[Site "Jerusalem"]
[Date "1996.??.??"]
[Round "8"]
[White "Kogan, Boris"]
[Black "Birnboim, Nathan"]
[Result "1-0"]
[WhiteElo "2000"]
[BlackElo "2385"]
[PlyCount "75"]
[EventDate "1996.10.26"]
[EventType "swiss"]
[EventRounds "9"]
[EventCountry "ISR"]
[SourceTitle "CBM 056"]
[Source "ChessBase"]
[SourceDate "1997.02.01"]
[SourceVersion "1"]
[SourceVersionDate "1997.02.01"]
[SourceQuality "1"]

1. e4 e5 2. Nf3 Nf6 3. Nc3 Nc6 4. Bb5 Bb4 5. 0-0 0-0 6. d3 Bxc3 7. bxc3 d6 8. Bg5 Qe7 9. Re1 Nd8 10. d4 Ne6 11. Bc1 c5 12. Bf1 cxd4 13. cxd4 Qc7 14. Bb2 Rd8 15. Qc1 Nd7 16. g3 f6 17. c3 Nb6 18. Qd1 Bd7 19. a4 Kh8 20. Nd2 a5 21. Qb3 Re8 22. Reb1 Bc6 23. Bc1 Nc8 24. Bc4 exd4 25. Bxe6 dxc3 26. Nf3 Bxe4 27. Nd4 Na7 28. Be3 Qc5 29. Rc1 c2 30. Nxc2 Qh5 31. Nd4 Nc6 32. Bf7 g6 33. Bc4 Ne5 34. Be2 Qh3 35. Bf1 Qh5 36. Qd1 Ng4 37. h3 f5 38. Ra3 1-0

[Event "ISR-ch"]
[Site "Jerusalem"]
[Date "1996.??.??"]
[Round "5"]
[White "Kogan, Boris"]
[Black "Kogan, Artur"]
[Result "0-1"]
[WhiteElo "2000"]
[BlackElo "2475"]
[PlyCount "84"]
[EventDate "1996.10.26"]
[EventType "swiss"]
[EventRounds "9"]
[EventCountry "ISR"]
[SourceTitle "CBM 056"]
[Source "ChessBase"]
[SourceDate "1997.02.01"]
[SourceVersion "1"]
[SourceVersionDate "1997.02.01"]
[SourceQuality "1"]

1. e4 c5 2. Nf3 e6 3. d4 cxd4 4. Nxd4 Nc6 5. Nc3 Qc7 6. Be2 a6 7. 0-0 Nf6 8. Be3 Bb4 9. Na4 Be7 10. Nxc6 bxc6 11. Bd3 c5 12. c4 Bb7 13. Nc3 0-0 14. f4 d6 15. b3 Rfe8 16. Kh1 Rad8 17. Qc2 Nd7 18. Rae1 g6 19. Qf2 Bf6 20. Bd2 Bg7 21. Qh4 f5 22. Qh3 Nb8 23. Nd1 Nc6 24. Ne3 Nb4 25. Bxb4 cxb4 26. exf5 gxf5 27. Ng4 Bc3 28. Nh6+ Kh8 29. Re3 Re7 30. Rg3 Rg7 31. Qh5 Rf8 32. Rg5 Bf6 33. h4 Qc6 34. Rf2 Bxg5 35. hxg5 Qc5 36. Qe2 Qd4 37. Rf1 Rg6 38. Kh2 a5 39. Bb1 Qg7 40. Qh5 Qb2 41. Qh3 Qe2 42. Kg1 Rxh6 0-1

[Event "ISR-ch"]
[Site "Jerusalem"]
[Date "1996.??.??"]
[Round "7"]
[White "Zaltz, Dov"]
[Black "Kogan, Boris"]
[Result "1/2-1/2"]
[WhiteElo "2260"]
[BlackElo "2000"]
[PlyCount "67"]
[EventDate "1996.10.26"]
[EventType "swiss"]
[EventRounds "9"]
[EventCountry "ISR"]
[SourceTitle "CBM 056"]
[Source "ChessBase"]
[SourceDate "1997.02.01"]
[SourceVersion "1"]
[SourceVersionDate "1997.02.01"]
[SourceQuality "1"]

1. e4 c5 2. Nf3 e6 3. d4 cxd4 4. Nxd4 Nc6 5. Nc3 a6 6. Be3 Nf6 7. Bd3 Qc7 8. 0-0 Ne5 9. h3 b5 10. f4 Nc4 11. Bxc4 Qxc4 12. e5 Nd5 13. Nxd5 Qxd5 14. Qe2 Be7 15. Nb3 0-0 16. Rad1 Qc6 17. Qf2 a5 18. Bc5 Bxc5 19. Nxc5 b4 20. Rd6 Qb5 21. Rfd1 f6 22. Nxd7 Bxd7 23. Rxd7 fxe5 24. Qe3 Rf7 25. Rxf7 Kxf7 26. fxe5 Kg8 27. Kh2 Re8 28. Rd4 Rf8 29. Rg4 g6 30. Rf4 Rd8 31. Qg3 Qd7 32. c4 Rf8 33. Rxf8+ Kxf8 34. Qf4+ 1/2-1/2